Posouzení vývoje daňové soustavy v ČR po roce 1993 ve vztahu k harmonizačním tendencím v EU

Vývoj daňovej politiky v EÚ. Ciele daňovej politiky v EÚ. Snahy o harmonizáciu daňovej oblasti v EÚ. Vývoj daňovej sústavy v ČR po roku 1993 a jej súčasný stav. Predpokladaný vývoj daňovej sústavy v ČR v období do roku 2006. Vývoj v oblasti priamych a nepriamych daní.

Saved in:
Bibliographic Details
Main Author: Blechová, Beáta
Format: Book Chapter
Language:Czech
Subjects:
Tags: Add Tag
No Tags, Be the first to tag this record!

MARC

LEADER 00000naa$a2200000$$$4500
001 0027421
005 20230929124852.2
041 0 |a cze 
044 |a CZ 
245 1 0 |a Posouzení vývoje daňové soustavy v ČR po roce 1993 ve vztahu k harmonizačním tendencím v EU  |c Beáta Blechová 
520 |a Vývoj daňovej politiky v EÚ. Ciele daňovej politiky v EÚ. Snahy o harmonizáciu daňovej oblasti v EÚ. Vývoj daňovej sústavy v ČR po roku 1993 a jej súčasný stav. Predpokladaný vývoj daňovej sústavy v ČR v období do roku 2006. Vývoj v oblasti priamych a nepriamych daní. 
610 2 0 |a sústava daňová 
610 2 0 |a Česko 
610 2 0 |a Európska únia 
610 2 0 |a história 
610 2 0 |a politika daňová 
610 2 0 |a harmonizácia 
610 2 0 |a dane priame 
610 2 0 |a dane nepriame 
100 1 |a Blechová, Beáta